Komparácia štruktúry MSP v Slovenskej republike a Rakúskej republike
Vymedzenie MSP. Štruktúra MSP v Slovenskej republike podľa počtu zamestnancov. Štruktúra MSP v Rakúsku podľa počtu zamestnancov. Štruktúra MSP v SR podľa odvetvia hospodárstva. Štruktúra MSP v Rakúsku podľa odvetvia hospodárstva. Komparácia uvedených štruktúr.
Na minha lista:
| Autor principal: | |
|---|---|
| Formato: | Capítulo de Livro |
| Idioma: | eslovaco |
| Assuntos: | |
| Tags: |
Sem tags, seja o primeiro a adicionar uma tag!
|
MARC
| LEADER | 00000nla$a2200000$$$4500 | ||
|---|---|---|---|
| 001 | 0109368 | ||
| 005 | 20240502072217.1 | ||
| 041 | 0 | |a slo | |
| 044 | |a SK | ||
| 245 | 1 | 0 | |a Komparácia štruktúry MSP v Slovenskej republike a Rakúskej republike |c Štefan Zoľák |
| 520 | |a Vymedzenie MSP. Štruktúra MSP v Slovenskej republike podľa počtu zamestnancov. Štruktúra MSP v Rakúsku podľa počtu zamestnancov. Štruktúra MSP v SR podľa odvetvia hospodárstva. Štruktúra MSP v Rakúsku podľa odvetvia hospodárstva. Komparácia uvedených štruktúr. | ||
| 610 | 2 | 0 | |a podnik malý |
| 610 | 2 | 0 | |a podnik stredný |
| 610 | 2 | 0 | |a podnikanie |
| 610 | 2 | 0 | |a zamestnanci |
| 610 | 2 | 0 | |a zamestnanosť |
| 610 | 2 | 0 | |a konkurencia |
| 610 | 2 | 0 | |a Slovensko |
| 610 | 2 | 0 | |a Rakúsko |
| 100 | 1 | |a Zoľák, Štefan | |